000 00651nam a2200193Ii 4500
003 JO-AjNU
008 230605s9999||||xx |||||||||||||| ||und||
040 _aJO-AjNU
_bara
_erda
_cJO-AjNU
041 _aara
050 1 4 _aBL660.D3
100 3 _aدراز، محمد عبد الله,
_eauthor
_917272
245 0 0 _aالدين: بحوث ممهدة لدراسة تاريخ الأديان
264 3 1 _aالكويت: دار القلم للنشر والتوزيع، د.ت
300 _a192ص
336 _atext
_btxt
_2rdacontent
337 _aunmediated
_bn
_2rdamedia
338 _avolume
_bnc
_2rdacarrier
650 4 _aالديانات- تاريخ
_917273
999 _aA5300
_c8868
_d8868